000 00792nam a2200241Ia 4500
003 OSt
005 20220923225513.0
006 a|||||r|||| 00| 0
007 ta
008 220922b |||||||| |||| 00| 0 pl d
024 _a269,589
037 _cTextual
040 _aARTS
_cARTS
_bpl
041 _2pl
_apl
082 _aQ41:22511:gx5, 1511N2
100 _aबुद्धघोस
_9156277
245 0 _aजातकट्ठकथा
246 _aJātakaṭṭhakathā
260 _aवाराणसी
_b सम्पूर्णानन्द संस्कृत विश्वविद्यालयस्य
_c1992
300 _a247पृ0
_ccm.
942 _hQ41:22511:gx5, 1511N2
_cTEXL
_2CC
999 _c378671
_d378671